000 00532nam a22001937a 4500
003 KOHA_MİRAKIL
005 20250929120207.0
008 250929b tu ||||| |||| 00| 0 tur d
020 _a9786052493427
040 _aTR-AnABB
_btur
_cTR-AnABB
041 _atur
082 _a370.72
_bSEY 2019
100 1 _aSeyrek, Ahmet,
245 1 0 _aKöy enstitüleri /
_cAhmet Seyrek
260 _aAnkara :
_bDorlion Yayınları,
_c2019
300 _a320 sayfa ;
_c21 cm
650 0 0 _aKöy enstitüleri, Türkiye
942 _2ddc
_cBK
999 _c8963
_d8963
900 _bGizem YORULMAZ